[Event "25th Abu Dhabi Master 2018"]
[Site "Abu Dhabi"]
[Date "2018.08.09"]
[Round "3"]
[White "Srinivasa Rao, M.."]
[Black "Gupta, Sankalp"]
[Result "0-1"]
[WhiteElo "2160"]
[BlackElo "2304"]
[Annotator "NA"]
[PlyCount "72"]
[EventDate "2018.08.05"]
[EventType "swiss"]
[EventCountry "UAE"]
[SourceTitle "playchess.com"]
[Source "ChessBase"]
[SourceQuality "1"]

1. c4 b6 2. Nf3 Bb7 3. g3 g6 4. Bg2 Bg7 5. Nc3 e5 6. O-O Ne7 7. d4 exd4 8. Nb5 O-O 9. Bf4 Na6 10. Qd2 c5 11. Nd6 Bc6 12. a3 Nc7 13. b4 Rb8 14. bxc5 bxc5 15. Rab1 Rxb1 16. Rxb1 Ne6 17. Nb7 Qa8 18. Nd6 Rb8 19. Rb5 Rxb5 20. cxb5 Bd5 21. Qc1 d3 22. Qe3 dxe2 23. Qxe2 Nxf4 24. gxf4 Bf6 25. a4 Qb8 26. Ne4 Bxe4 27. Qxe4 d5 28. Qb1 Qc7 29. Ne5 c4 30. Ng4 Bg7 31. Ne3 d4 32. Nd5 Nxd5 33. Bxd5 d3 34. a5 c3 35. Be4 c2 36. Qc1 Bb2 0-1

[Event "25th Abu Dhabi Master 2018"]
[Site "Abu Dhabi"]
[Date "2018.08.09"]
[Round "3"]
[White "Thompson, Ian D"]
[Black "Villanueva, Nelson"]
[Result "1-0"]
[WhiteElo "2156"]
[BlackElo "2133"]
[Annotator "NA"]
[PlyCount "93"]
[EventDate "2018.08.05"]
[EventType "swiss"]
[EventCountry "UAE"]
[SourceTitle "playchess.com"]
[Source "ChessBase"]
[SourceQuality "1"]

1. c4 Nf6 2. Nc3 g6 3. g3 Bg7 4. Bg2 O-O 5. Nf3 c6 6. e4 d6 7. O-O Nbd7 8. d3 e5 9. b3 Ne8 10. d4 Qa5 11. Bb2 Nc7 12. d5 cxd5 13. cxd5 b5 14. a3 Qb6 15. Bc1 f5 16. Be3 Qb8 17. exf5 gxf5 18. Ng5 Bb7 19. a4 a6 20. a5 h6 21. Ne6 Nxe6 22. dxe6 Bxg2 23. Kxg2 Nf6 24. Qf3 Qe8 25. Nd5 Rc8 26. e7 Rf7 27. Rac1 Rxc1 28. Rxc1 Nxd5 29. Qxd5 Qxe7 30. Rc8+ Kh7 31. Ra8 Rf6 32. Qg8+ Kg6 33. Ra7 Qf8 34. Qxf8 Bxf8 35. Rxa6 f4 36. gxf4 exf4 37. Bd4 Rf5 38. Ra8 f3+ 39. Kg3 d5 40. Rd8 Be7 41. Rd7 Bg5 42. a6 Kh5 43. a7 Rf8 44. Rxd5 Kg6 45. Rxb5 h5 46. Rb6+ Kf5 47. Kxf3 1-0

[Event "25th Abu Dhabi Master 2018"]
[Site "Abu Dhabi"]
[Date "2018.08.09"]
[Round "3"]
[White "Michelle Catherina, P."]
[Black "Al Hajiri, Bader"]
[Result "0-1"]
[WhiteElo "2153"]
[BlackElo "2120"]
[Annotator "NA"]
[PlyCount "110"]
[EventDate "2018.08.05"]
[EventType "swiss"]
[EventCountry "UAE"]
[SourceTitle "playchess.com"]
[Source "ChessBase"]
[SourceQuality "1"]

1. e4 e5 2. Nf3 Nc6 3. Bc4 Nf6 4. d3 Bc5 5. Nc3 d6 6. Na4 Bb6 7. a3 Bg4 8. Nxb6 axb6 9. c3 h6 10. h3 Bd7 11. Bb3 Qe7 12. a4 O-O-O 13. Qe2 g5 14. Nh2 Rdg8 15. Ng4 h5 16. Nxf6 Qxf6 17. Bc2 h4 18. f3 Ne7 19. Qf2 Ng6 20. Be3 Nf4 21. b4 d5 22. O-O-O d4 23. cxd4 exd4 24. Bxf4 gxf4 25. Rde1 Qe5 26. Qd2 Rg3 27. Rhf1 Rhg8 28. Rf2 R8g6 29. Bb3 Rc6+ 30. Kb2 Rgg6 31. Rc1 Qe7 32. Ka3 b5 33. Qxf4 Rxc1 34. Qxc1 bxa4 35. Bd5 Rb6 36. Qb2 Qf6 37. Rc2 Bb5 38. Bc4 Bd7 39. Bd5 Kb8 40. Rc5 Rd6 41. Bxb7 Kxb7 42. e5 Qf5 43. exd6 Qxd3+ 44. Ka2 cxd6 45. Rc1 Be6+ 46. Ka1 Bb3 47. Re1 f5 48. Qc1 Bc2 49. Qb2 a3 50. Qc1 Qc3+ 51. Ka2 d3 52. Re7+ Kc6 53. Re8 Bb3+ 54. Kxa3 Qxc1+ 55. Kxb3 Kd7 0-1

[Event "25th Abu Dhabi Master 2018"]
[Site "Abu Dhabi"]
[Date "2018.08.09"]
[Round "3"]
[White "Moayed, Obied"]
[Black "Mansour, Sameer"]
[Result "1/2-1/2"]
[WhiteElo "2146"]
[BlackElo "2275"]
[Annotator "NA"]
[PlyCount "28"]
[EventDate "2018.08.05"]
[EventType "swiss"]
[EventCountry "UAE"]
[SourceTitle "playchess.com"]
[Source "ChessBase"]
[SourceQuality "1"]

1. d4 d5 2. c4 e6 3. Nf3 Nf6 4. Nc3 Be7 5. Bg5 Nbd7 6. e3 c6 7. Rc1 O-O 8. Bd3 dxc4 9. Bxc4 Nd5 10. Bxe7 Qxe7 11. O-O Nxc3 12. Rxc3 e5 13. dxe5 Nxe5 14. Nxe5 Qxe5 1/2-1/2

[Event "25th Abu Dhabi Master 2018"]
[Site "Abu Dhabi"]
[Date "2018.08.09"]
[Round "3"]
[White "Sarvesh Kumar, A."]
[Black "Pranavananda, V."]
[Result "0-1"]
[WhiteElo "2145"]
[BlackElo "2232"]
[Annotator "NA"]
[PlyCount "144"]
[EventDate "2018.08.05"]
[EventType "swiss"]
[EventCountry "UAE"]
[SourceTitle "playchess.com"]
[Source "ChessBase"]
[SourceQuality "1"]

1. e4 c5 2. Nf3 Nf6 3. Nc3 d5 4. exd5 Nxd5 5. Nxd5 Qxd5 6. d4 Bg4 7. dxc5 Qxd1+ 8. Kxd1 Nc6 9. h3 O-O-O+ 10. Bd3 Bxf3+ 11. gxf3 e5 12. Be3 f5 13. Ke1 f4 14. Bd2 Bxc5 15. Bc3 g6 16. Ke2 Bd4 17. Be4 Bxc3 18. bxc3 Rd6 19. Rhd1 Rhd8 20. Rxd6 Rxd6 21. Rb1 b6 22. Rg1 Ne7 23. Rg5 Nd5 24. Bxd5 Rxd5 25. h4 Ra5 26. h5 Rxa2 27. hxg6 hxg6 28. Kd2 Ra5 29. Rxg6 Rd5+ 30. Kc1 Kc7 31. Re6 a5 32. c4 Rc5 33. Kb2 Rxc4 34. Rxe5 Rb4+ 35. Ka3 Kd6 36. Rg5 Rd4 37. Kb3 Rb4+ 38. Ka3 Kc6 39. Rf5 Rd4 40. Kb3 a4+ 41. Kb2 Rb4+ 42. Ka3 Rc4 43. Rf6+ Kc5 44. Rf5+ Kc6 45. Rf6+ Kb5 46. Rf5+ Ka6 47. Rf8 Ka5 48. Kb2 Kb4 49. Rd8 a3+ 50. Kc1 b5 51. Rd1 Kc5 52. Kb1 Rc3 53. Ka2 Rxf3 54. Rd2 Rc3 55. Re2 b4 56. Rd2 Kc4 57. Kb1 b3 58. cxb3+ Kxb3 59. Rd1 Rh3 60. Ka1 Rf3 61. Rd2 Rh3 62. Rd1 Kc2 63. Rd4 Rd3 64. Rc4+ Kb3 65. Rc1 Rd2 66. Rf1 Ra2+ 67. Kb1 Rb2+ 68. Ka1 f3 69. Re1 Rxf2 70. Kb1 Re2 71. Rh1 f2 72. Rh3+ Kc4 0-1

[Event "25th Abu Dhabi Master 2018"]
[Site "Abu Dhabi"]
[Date "2018.08.09"]
[Round "3"]
[White "Sultan, Ibrahim"]
[Black "Vantika, Agrawal"]
[Result "0-1"]
[WhiteElo "2140"]
[BlackElo "2225"]
[Annotator "NA"]
[PlyCount "72"]
[EventDate "2018.08.05"]
[EventType "swiss"]
[EventCountry "UAE"]
[SourceTitle "playchess.com"]
[Source "ChessBase"]
[SourceQuality "1"]

1. d4 Nf6 2. c4 g6 3. Nc3 Bg7 4. e4 d6 5. Nf3 O-O 6. Be2 e5 7. d5 a5 8. Bg5 Na6 9. Nd2 Qe8 10. O-O Kh8 11. a3 Bd7 12. Nb5 Ng8 13. Re1 f5 14. exf5 gxf5 15. Bh5 Qc8 16. Qc2 Nf6 17. Be2 Qe8 18. Bf1 Qg6 19. Bxf6 Bxf6 20. g3 h5 21. Nc3 h4 22. Bg2 hxg3 23. hxg3 Kg7 24. Rab1 Rh8 25. b4 axb4 26. axb4 Rh6 27. Nf1 Rah8 28. Nd1 e4 29. Qd2 Be5 30. Re2 f4 31. Bxe4 Bf5 32. f3 fxg3 33. Nc3 Rh1+ 34. Kg2 Qh5 35. f4 Bxe4+ 36. Rxe4 Rg1+ 0-1

[Event "25th Abu Dhabi Master 2018"]
[Site "Abu Dhabi"]
[Date "2018.08.09"]
[Round "3"]
[White "Jeet, Jain"]
[Black "Sidhant, Mohapatra"]
[Result "1/2-1/2"]
[WhiteElo "2136"]
[BlackElo "2341"]
[Annotator "NA"]
[PlyCount "41"]
[EventDate "2018.08.05"]
[EventType "swiss"]
[EventCountry "UAE"]
[SourceTitle "playchess.com"]
[Source "ChessBase"]
[SourceQuality "1"]

1. e4 c5 2. Nf3 e6 3. d4 cxd4 4. Nxd4 a6 5. c4 Nf6 6. Nc3 Qc7 7. Qe2 d6 8. g3 b6 9. Bg2 Bb7 10. O-O Nbd7 11. Bd2 Be7 12. Rac1 O-O 13. f4 Rac8 14. b3 Rfd8 15. f5 e5 16. Nc2 b5 17. Nd5 Nxd5 18. cxd5 Qb6+ 19. Qf2 Qxf2+ 20. Kxf2 Nc5 21. Ke2 1/2-1/2

[Event "25th Abu Dhabi Master 2018"]
[Site "Abu Dhabi"]
[Date "2018.08.09"]
[Round "3"]
[White "Srihari, LR."]
[Black "Tabatabai, M Amin"]
[Result "0-1"]
[WhiteElo "2135"]
[BlackElo "2590"]
[Annotator "RC"]
[PlyCount "56"]
[EventDate "2018.08.05"]
[EventType "swiss"]
[EventCountry "UAE"]
[SourceTitle "playchess.com"]
[Source "ChessBase"]
[SourceQuality "1"]

1. d4 e6 2. Nf3 c5 3. c4 cxd4 4. Nxd4 Nf6 5. g3 d5 6. Bg2 e5 7. Nb3 d4 8. O-O Be7 9. f4 Nbd7 10. N1d2 exf4 11. Rxf4 Ne5 12. Nf3 Nxc4 13. Qd3 Nd6 14. Nfxd4 O-O 15. Rf1 a5 16. a4 Ng4 17. Bf4 Bf6 18. Rad1 Qb6 19. Qc3 Nf5 20. e3 Be6 21. Bh3 Ngxe3 22. Bxe3 Nxe3 23. Qxe3 Bxh3 24. Rfe1 Rad8 25. Nf5 Qc6 26. Qf2 Rxd1 27. Rxd1 Qxa4 28. Rd3 Qe4 0-1

[Event "25th Abu Dhabi Master 2018"]
[Site "Abu Dhabi"]
[Date "2018.08.09"]
[Round "3"]
[White "Mohamed, Faisal"]
[Black "Sahil, Tickoo"]
[Result "1-0"]
[WhiteElo "2134"]
[BlackElo "2192"]
[Annotator "NA"]
[PlyCount "105"]
[EventDate "2018.08.05"]
[EventType "swiss"]
[EventCountry "UAE"]
[SourceTitle "playchess.com"]
[Source "ChessBase"]
[SourceQuality "1"]

1. e4 c5 2. Nc3 Nc6 3. g3 g6 4. Bg2 Bg7 5. d3 d6 6. f4 e6 7. Nf3 Nge7 8. O-O O-O 9. Be3 b6 10. d4 d5 11. exd5 Nf5 12. Bf2 Ncxd4 13. Ne5 exd5 14. Nxd5 Be6 15. Nc3 Rc8 16. Ne4 Ne7 17. c3 Ndc6 18. Nxc6 Rxc6 19. Qa4 Rc7 20. Rfd1 Qb8 21. Ng5 Bc8 22. Rd2 Bb7 23. Bxb7 Qxb7 24. Rad1 Qc6 25. Qc2 h6 26. Ne4 Nc8 27. c4 Re8 28. Nc3 Ne7 29. Nb5 Nf5 30. Nxc7 Qxc7 31. Qa4 Rf8 32. Rd7 Qc8 33. Rxa7 Qe6 34. Re1 Qf6 35. Ra8 Nd4 36. Rxf8+ Bxf8 37. Qd1 Ne6 38. Qe2 Bg7 39. Kg2 Qd8 40. a3 Kh7 41. b4 Qa8+ 42. Qf3 Qa4 43. f5 Ng5 44. Qd3 cxb4 45. axb4 Qxb4 46. h4 Bc3 47. fxg6+ fxg6 48. Qd7+ Bg7 49. hxg5 Qxc4 50. gxh6 Kxh6 51. Rh1+ Kg5 52. Be3+ Kf6 53. Rf1+ 1-0

[Event "25th Abu Dhabi Master 2018"]
[Site "Abu Dhabi"]
[Date "2018.08.09"]
[Round "3"]
[White "Bartakke, Amardeep S"]
[Black "Hejazipour, Mitra"]
[Result "0-1"]
[WhiteElo "2133"]
[BlackElo "2285"]
[Annotator "NA"]
[PlyCount "96"]
[EventDate "2018.08.05"]
[EventType "swiss"]
[EventCountry "UAE"]
[SourceTitle "playchess.com"]
[Source "ChessBase"]
[SourceQuality "1"]

1. e4 c5 2. Nf3 d6 3. d4 cxd4 4. Nxd4 Nf6 5. Nc3 a6 6. f4 e5 7. Nf3 Qc7 8. a4 Nbd7 9. Bd3 Be7 10. O-O O-O 11. Kh1 Nc5 12. Qe1 Bd7 13. Nh4 Nxd3 14. cxd3 exf4 15. Bxf4 Qd8 16. Bg5 h6 17. Bxf6 Bxf6 18. Nf5 Bxf5 19. Rxf5 Rc8 20. Nd5 Bxb2 21. Rb1 Be5 22. Rxb7 Rc2 23. g3 Bb2 24. Qe3 Qe8 25. Ne7+ Kh7 26. Rf1 Qxa4 27. Nf5 Be5 28. Qf3 Qa2 29. Qh5 Rf2 30. Rbb1 Rc8 31. Ne3 g6 32. Qh3 Rxf1+ 33. Rxf1 Qe6 34. Qxe6 fxe6 35. Nc4 Kg7 36. Nxe5 dxe5 37. Ra1 Ra8 38. Ra5 Kf6 39. Kg2 Ke7 40. Rxe5 a5 41. Rc5 a4 42. Rc2 a3 43. Ra2 e5 44. Kf3 Kd6 45. Ke3 Kc5 46. Kd2 Kb4 47. Kc2 Rf8 48. Kb1 Kb3 0-1

[Event "25th Abu Dhabi Master 2018"]
[Site "Abu Dhabi"]
[Date "2018.08.09"]
[Round "3"]
[White "Song, Yuxin"]
[Black "Navalgund, Niranjan"]
[Result "1-0"]
[WhiteElo "2126"]
[BlackElo "2255"]
[Annotator "NA"]
[PlyCount "63"]
[EventDate "2018.08.05"]
[EventType "swiss"]
[EventCountry "UAE"]
[SourceTitle "playchess.com"]
[Source "ChessBase"]
[SourceQuality "1"]

1. e4 c5 2. Nf3 Nc6 3. Bb5 g6 4. O-O Bg7 5. Re1 Nh6 6. c3 O-O 7. h3 f5 8. e5 Nf7 9. Bxc6 bxc6 10. d3 e6 11. Na3 g5 12. Nc4 Ba6 13. Be3 h5 14. Nxg5 Nxg5 15. Qxh5 Ne4 16. dxe4 Bxc4 17. Bxc5 Rf7 18. exf5 Rxf5 19. Qg4 Ba6 20. Rad1 d5 21. exd6 Rxc5 22. Qxe6+ Kh8 23. d7 Bc4 24. Qg6 Be5 25. Qh5+ Kg8 26. Rxe5 Rxe5 27. Qxe5 Bf7 28. Rd4 Kf8 29. Qd6+ Kg7 30. Rg4+ Kh7 31. Qd3+ Kh6 32. Qe3+ 1-0

[Event "25th Abu Dhabi Master 2018"]
[Site "Abu Dhabi"]
[Date "2018.08.09"]
[Round "3"]
[White "Ali, Nehad"]
[Black "Adnan, Habib Hana"]
[Result "0-1"]
[WhiteElo "2113"]
[BlackElo "2220"]
[Annotator "NA"]
[PlyCount "112"]
[EventDate "2018.08.05"]
[EventType "swiss"]
[EventCountry "UAE"]
[SourceTitle "playchess.com"]
[Source "ChessBase"]
[SourceQuality "1"]

1. c4 Nf6 2. g3 g6 3. Bg2 Bg7 4. d4 d6 5. Nc3 O-O 6. Nf3 c5 7. O-O Nc6 8. e3 cxd4 9. exd4 d5 10. c5 Ne4 11. Re1 f5 12. Bf4 e6 13. h4 b6 14. cxb6 Qxb6 15. Na4 Qb4 16. a3 Qe7 17. Rc1 Bd7 18. Nc5 Nxc5 19. Rxc5 Qf6 20. Ne5 Nxe5 21. Bxe5 Qe7 22. b4 Bxe5 23. Rxe5 Qd6 24. Rexd5 exd5 25. Bxd5+ Kh8 26. Bxa8 Rxa8 27. d5 Re8 28. Ra5 a6 29. Rc5 Qe5 30. Kg2 Kg8 31. Qb3 Qe4+ 32. Qf3 Bb5 33. Rc1 Qxf3+ 34. Kxf3 Rd8 35. Rc7 Rxd5 36. Kf4 Rd7 37. Rc8+ Kf7 38. Rb8 Ke6 39. Ra8 Bf1 40. f3 Kd5 41. Rc8 Kd4 42. Rc1 Bd3 43. Kg5 Ke3 44. f4 Kf3 45. Rc3 Kxg3 46. a4 h6+ 47. Kxh6 Kxf4 48. Kxg6 Kg4 49. h5 f4+ 50. Kf6 f3 51. Ke6 f2 52. Rc1 Rb7 53. b5 f1=Q 54. Rxf1 Bxf1 55. h6 Kg5 56. Kd6 axb5 0-1

[Event "25th Abu Dhabi Master 2018"]
[Site "Abu Dhabi"]
[Date "2018.08.09"]
[Round "3"]
[White "Mayank, Pal"]
[Black "Esenbek Uulu, Ilimbek"]
[Result "1-0"]
[WhiteElo "2100"]
[BlackElo "2159"]
[Annotator "NA"]
[PlyCount "125"]
[EventDate "2018.08.05"]
[EventType "swiss"]
[EventCountry "UAE"]
[SourceTitle "playchess.com"]
[Source "ChessBase"]
[SourceQuality "1"]

1. d4 d5 2. Bf4 Nf6 3. e3 e6 4. c3 Bd6 5. Bg3 O-O 6. Nd2 Nc6 7. Ngf3 Qe7 8. Ne5 Nd7 9. Bd3 Bxe5 10. dxe5 Ndxe5 11. Bxe5 Nxe5 12. Bxh7+ Kxh7 13. Qh5+ Kg8 14. Qxe5 f6 15. Qg3 e5 16. Nf3 Qe6 17. O-O Qg4 18. Rfd1 Qxg3 19. hxg3 Be6 20. Rd2 Kf7 21. Ne1 c5 22. Nd3 b6 23. f4 e4 24. Nf2 f5 25. Nh3 Ke7 26. Ng5 Rad8 27. Kf2 Bg8 28. Rad1 b5 29. g4 fxg4 30. Kg3 a5 31. Kxg4 a4 32. f5 Rfe8 33. Kf4 Kd6 34. Nh3 Kc6 35. g4 Rd6 36. g5 Rf8 37. Kg4 Rfd8 38. Nf4 Bf7 39. g6 Be8 40. Ne6 R8d7 41. Kg5 Re7 42. a3 Rexe6 43. fxe6 Rxe6 44. Rxd5 Rxg6+ 45. Kf4 Bf7 46. Rg5 Rxg5 47. Kxg5 Bc4 48. Rd8 Bd3 49. Kf5 Kc7 50. Rg8 Kd6 51. Rd8+ Kc7 52. Rd5 Kc6 53. Ke5 g5 54. Rd6+ Kc7 55. Rg6 g4 56. Kd5 Kb7 57. Rxg4 Kb6 58. Rg6+ Ka5 59. Kxc5 Bc4 60. Rb6 Be2 61. Rb8 Ka6 62. Ra8+ Kb7 63. Ra5 1-0

[Event "25th Abu Dhabi Master 2018"]
[Site "Abu Dhabi"]
[Date "2018.08.09"]
[Round "3"]
[White "Panda, Sambit"]
[Black "Ahmad, Al Khatib"]
[Result "0-1"]
[WhiteElo "2043"]
[BlackElo "2336"]
[Annotator "NA"]
[PlyCount "90"]
[EventDate "2018.08.05"]
[EventType "swiss"]
[EventCountry "UAE"]
[SourceTitle "playchess.com"]
[Source "ChessBase"]
[SourceQuality "1"]

1. d4 Nf6 2. Nf3 g6 3. Bg5 Bg7 4. Nbd2 d6 5. c3 O-O 6. e4 c5 7. dxc5 dxc5 8. Be2 Nc6 9. O-O Qc7 10. h3 h6 11. Be3 b6 12. Qc2 Nh5 13. Rfe1 Nf4 14. Bf1 Be6 15. Nc4 g5 16. Rad1 Ng6 17. Bc1 Bxc4 18. Bxc4 Nce5 19. Nxe5 Bxe5 20. Qe2 e6 21. g3 Kg7 22. Qg4 f5 23. exf5 exf5 24. Qf3 f4 25. g4 Bf6 26. Bb3 Nh4 27. Qe4 Rfe8 28. Qxe8 Rxe8 29. Rxe8 c4 30. Ba4 Nf3+ 31. Kf1 Ne5 32. Rd5 Be7 33. Bd7 Kf7 34. Rc8 Qb7 35. Rxe5 Qxd7 36. Rh8 Bf6 37. Rh7+ Bg7 38. Rxg7+ Kxg7 39. Kg2 f3+ 40. Kf1 Qd6 41. Re3 Qh2 42. Ke1 Qg1+ 43. Kd2 Qxf2+ 44. Kd1 Qg1+ 45. Kc2 f2 0-1

[Event "25th Abu Dhabi Master 2018"]
[Site "Abu Dhabi"]
[Date "2018.08.09"]
[Round "3"]
[White "Nitin, Shankar Madhu"]
[Black "Kushagra, Mohan"]
[Result "1/2-1/2"]
[WhiteElo "1982"]
[BlackElo "2270"]
[Annotator "NA"]
[PlyCount "56"]
[EventDate "2018.08.05"]
[EventType "swiss"]
[EventCountry "UAE"]
[SourceTitle "playchess.com"]
[Source "ChessBase"]
[SourceQuality "1"]

1. d4 Nf6 2. c4 g6 3. Nc3 Bg7 4. e4 d6 5. Be2 O-O 6. Be3 c5 7. e5 Ne8 8. dxc5 Bxe5 9. Nf3 Bxc3+ 10. bxc3 Qa5 11. cxd6 Nxd6 12. O-O Nc6 13. Qb3 b6 14. Rfd1 Nf5 15. Bf4 Qa6 16. Nd4 Bd7 17. c5 Qa5 18. Nxf5 Bxf5 19. cxb6 axb6 20. Bc7 Be6 21. c4 Ne5 22. Bxb6 Qa6 23. Bc5 Rfe8 24. Rdc1 Rac8 25. Qb4 Qc6 26. Bxe7 Qe4 27. Bd6 Qxe2 28. Re1 Qxf2+ 1/2-1/2

[Event "25th Abu Dhabi Master 2018"]
[Site "Abu Dhabi"]
[Date "2018.08.09"]
[Round "3"]
[White "Al Zaabi, Sultan"]
[Black "Ajay, Karthikeyan"]
[Result "0-1"]
[WhiteElo "1945"]
[BlackElo "2156"]
[Annotator "NA"]
[PlyCount "68"]
[EventDate "2018.08.05"]
[EventType "swiss"]
[EventCountry "UAE"]
[SourceTitle "playchess.com"]
[Source "ChessBase"]
[SourceQuality "1"]

1. d4 Nf6 2. Bf4 g6 3. Nc3 d6 4. e4 c6 5. Qd2 b5 6. f3 Nbd7 7. g4 e5 8. dxe5 dxe5 9. Be3 Be7 10. O-O-O b4 11. Nce2 Qa5 12. Kb1 Nb6 13. Nc1 Be6 14. Nb3 Qa4 15. Bg5 O-O 16. Ne2 c5 17. Nec1 Rac8 18. Qe3 Nbd7 19. Nd2 Nb6 20. Ndb3 c4 21. Bxf6 Bxf6 22. Nc5 Bg5 23. Nxa4 Bxe3 24. Nxb6 axb6 25. c3 bxc3 26. bxc3 Ra8 27. Kb2 Ra5 28. Ne2 Rfa8 29. Ra1 Rd8 30. a4 Rd2+ 31. Kb1 b5 32. Nc1 bxa4 33. Ra2 Rb5+ 34. Ka1 Rd1 0-1

[Event "25th Abu Dhabi Master 2018"]
[Site "Abu Dhabi"]
[Date "2018.08.11"]
[Round "4"]
[White "Le, Quang Liem"]
[Black "Soumya, Swaminathan"]
[Result "1-0"]
[WhiteElo "2727"]
[BlackElo "2361"]
[Annotator "TA"]
[PlyCount "37"]
[EventDate "2018.08.05"]
[EventType "swiss"]
[EventCountry "UAE"]
[SourceTitle "playchess.com"]
[Source "ChessBase"]
[SourceQuality "1"]

1. c4 Nf6 2. Nc3 d5 3. cxd5 Nxd5 4. g3 Nxc3 5. bxc3 Qd5 6. Nf3 e5 7. Bg2 Nc6 8. O-O Qa5 9. d4 e4 10. Ng5 Qxc3 11. Be3 Bf5 12. d5 Nb4 13. a3 Na6 14. Qa4+ Ke7 15. Rab1 Nc5 16. Bxc5+ Qxc5 17. Rfc1 Qxd5 18. Rxc7+ Kf6 19. Rb5 1-0

[Event "25th Abu Dhabi Master 2018"]
[Site "Abu Dhabi"]
[Date "2018.08.11"]
[Round "4"]
[White "Cheparinov, Ivan"]
[Black "Aravindh, Chithambaram VR"]
[Result "1/2-1/2"]
[WhiteElo "2718"]
[BlackElo "2581"]
[Annotator "TA"]
[PlyCount "107"]
[EventDate "2018.08.05"]
[EventType "swiss"]
[EventCountry "UAE"]
[SourceTitle "playchess.com"]
[Source "ChessBase"]
[SourceQuality "1"]

1. e4 e5 2. Nf3 Nc6 3. d4 exd4 4. Nxd4 Nf6 5. Nxc6 bxc6 6. e5 Qe7 7. Qe2 Nd5 8. h4 f6 9. c4 Ba6 10. Rh3 fxe5 11. Bg5 Nf6 12. Re3 O-O-O 13. Ra3 Bb7 14. Rxa7 Qe6 15. Nd2 Bb4 16. O-O-O d5 17. Nb3 Kb8 18. Ra4 c5 19. Na5 Bxa5 20. Rxa5 dxc4 21. Rxd8+ Rxd8 22. Qxc4 Qd6 23. Be2 Ne4 24. Be3 Nxf2 25. Ra3 Ne4 26. Rb3 Ng3 27. Bg4 h5 28. Bg5 Qd4 29. Rxb7+ Kxb7 30. Qb5+ Ka7 31. Qa5+ Kb7 32. Qb5+ Ka8 33. Bxd8 Qxd8 34. Bd7 Ne2+ 35. Qxe2 Qxd7 36. Qxe5 Qf7 37. Qe4+ Ka7 38. a4 Kb6 39. Kc2 Qf1 40. Kc3 Qc1+ 41. Kb3 Qd1+ 42. Kc3 Qc1+ 43. Kb3 Qd1+ 44. Ka2 Ka5 45. Qa8+ Kb4 46. Qb7+ Kxa4 47. b3+ Ka5 48. Qxc7+ Kb5 49. Qb7+ Ka5 50. Qxg7 Qd2+ 51. Qb2 Qxb2+ 52. Kxb2 Kb4 53. Kc2 c4 54. bxc4 1/2-1/2

[Event "25th Abu Dhabi Master 2018"]
[Site "Abu Dhabi"]
[Date "2018.08.11"]
[Round "4"]
[White "Fedoseev, Vladimir"]
[Black "Fier, Alexandr"]
[Result "1-0"]
[WhiteElo "2707"]
[BlackElo "2561"]
[Annotator "TA"]
[PlyCount "73"]
[EventDate "2018.08.05"]
[EventType "swiss"]
[EventCountry "UAE"]
[SourceTitle "playchess.com"]
[Source "ChessBase"]
[SourceQuality "1"]

1. e3 c5 2. Nc3 Nf6 3. d4 Qc7 4. g4 h6 5. Bg2 cxd4 6. exd4 d5 7. h3 e6 8. Nge2 a6 9. O-O Bd6 10. f4 Nc6 11. a3 Bd7 12. Be3 Ne7 13. Qe1 O-O-O 14. Nc1 h5 15. g5 Nfg8 16. f5 Bg3 17. Qd2 Bc6 18. fxe6 fxe6 19. Nd3 Ng6 20. Ne2 Bh2+ 21. Kh1 N8e7 22. Rf7 Bd6 23. Nef4 Nxf4 24. Nxf4 Bd7 25. Rf1 Qb6 26. c4 dxc4 27. d5 Bc5 28. Bxc5 Qxc5 29. Qe1 Kb8 30. Nxe6 Bxe6 31. dxe6 Rhe8 32. Rxg7 Rd4 33. Qf2 h4 34. g6 Qd6 35. Rxe7 Rxe7 36. Qf8+ Ka7 37. g7 1-0

[Event "25th Abu Dhabi Master 2018"]
[Site "Abu Dhabi"]
[Date "2018.08.11"]
[Round "4"]
[White "Amin, Bassem"]
[Black "Rapport, Richard"]
[Result "1/2-1/2"]
[WhiteElo "2684"]
[BlackElo "2719"]
[Annotator "TA"]
[PlyCount "57"]
[EventDate "2018.08.05"]
[EventType "swiss"]
[EventCountry "UAE"]
[SourceTitle "playchess.com"]
[Source "ChessBase"]
[SourceQuality "1"]

1. e4 c5 2. Nf3 Nc6 3. Bb5 Nf6 4. Bxc6 dxc6 5. d3 Nd7 6. e5 Nb6 7. Nbd2 Bf5 8. Qe2 e6 9. h3 Be7 10. Ne4 h6 11. O-O a5 12. Be3 Nd7 13. Rad1 b5 14. a4 Bg6 15. Nc3 Qb8 16. axb5 cxb5 17. d4 b4 18. Na4 cxd4 19. Nxd4 Qb7 20. Qb5 Rb8 21. c4 bxc3 22. Nxc3 Qxb5 23. Ncxb5 Rb7 24. Nd6+ Bxd6 25. exd6 Ne5 26. b3 Kd7 27. f4 Nc6 28. Nxc6 Kxc6 29. Rc1+ 1/2-1/2

[Event "25th Abu Dhabi Master 2018"]
[Site "Abu Dhabi"]
[Date "2018.08.11"]
[Round "4"]
[White "Sjugirov, Sanan"]
[Black "Vignesh N R"]
[Result "1/2-1/2"]
[WhiteElo "2677"]
[BlackElo "2464"]
[Annotator "TA"]
[PlyCount "127"]
[EventDate "2018.08.05"]
[EventType "swiss"]
[EventCountry "UAE"]
[SourceTitle "playchess.com"]
[Source "ChessBase"]
[SourceQuality "1"]

1. e4 e5 2. Nf3 Nc6 3. Bb5 Nf6 4. d3 d6 5. O-O Bd7 6. Re1 Be7 7. c3 O-O 8. Nbd2 Re8 9. Nf1 Bf8 10. Ba4 Ne7 11. Bb3 h6 12. Ng3 Ng6 13. d4 c6 14. h3 Qc7 15. Be3 Rad8 16. a4 Bc8 17. Qc2 a5 18. Rad1 Nf4 19. Bxf4 exf4 20. Nf1 d5 21. e5 Ne4 22. N1d2 Ng5 23. Qd3 g6 24. Qe2 Bf5 25. Nh4 Be6 26. Bc2 Qd7 27. Nhf3 Be7 28. Nh2 h5 29. Ndf3 Nxf3+ 30. Nxf3 Kg7 31. Qd2 g5 32. Nh2 Rh8 33. b4 axb4 34. cxb4 Rdg8 35. Rb1 g4 36. hxg4 hxg4 37. Qxf4 Kf8 38. Nf1 Bg5 39. Qg3 Rh6 40. Qc3 Rgh8 41. Ng3 Qd8 42. b5 c5 43. dxc5 d4 44. Qa3 Bf4 45. c6+ Kg7 46. Qd3 Rh2 47. Kf1 Qd5 48. Re4 Bxg3 49. Qxg3 Qa2 50. Rxg4+ Bxg4 51. Qxg4+ Kf8 52. Qc8+ Kg7 53. Qg4+ Kf8 54. Qc8+ Kg7 55. cxb7 Rh1+ 56. Ke2 Rxc8 57. bxc8=Q Rxb1 58. Qg4+ Kf8 59. Qc8+ Kg7 60. Kf3 Rb2 61. Qg4+ Kf8 62. Qc8+ Kg7 63. Qg4+ Kf8 64. Qc8+ 1/2-1/2

[Event "25th Abu Dhabi Master 2018"]
[Site "Abu Dhabi"]
[Date "2018.08.11"]
[Round "4"]
[White "Short, Nigel D"]
[Black "Debashis, Das"]
[Result "1/2-1/2"]
[WhiteElo "2659"]
[BlackElo "2539"]
[Annotator "TA"]
[PlyCount "123"]
[EventDate "2018.08.05"]
[EventType "swiss"]
[EventCountry "UAE"]
[SourceTitle "playchess.com"]
[Source "ChessBase"]
[SourceQuality "1"]

1. d4 Nf6 2. Nf3 g6 3. Bg5 Bg7 4. Nbd2 d5 5. e3 b6 6. a4 Ba6 7. Bxa6 Nxa6 8. Qe2 Qc8 9. Ne5 O-O 10. Nc6 Re8 11. Qb5 e6 12. Bxf6 Bxf6 13. c4 Nb8 14. cxd5 exd5 15. O-O Qe6 16. Nxb8 Rexb8 17. Rab1 a6 18. Qd3 c5 19. b3 cxd4 20. exd4 b5 21. Rfe1 Qb6 22. axb5 Bxd4 23. Rf1 axb5 24. Nf3 Bf6 25. Qxd5 Rd8 26. Qe4 Re8 27. Qc2 Rac8 28. Qa2 Ra8 29. Qc2 Rac8 30. Qa2 Rc3 31. Rfe1 Rxe1+ 32. Nxe1 Qe6 33. h3 Kg7 34. Nf3 h5 35. Nh2 Qf5 36. Rd1 Qe6 37. Rb1 Qe4 38. Rf1 Qd3 39. b4 Rb3 40. Qa5 Qc4 41. Nf3 Qxb4 42. Qa6 Rb2 43. Qc6 Qc3 44. Qd5 b4 45. g4 hxg4 46. hxg4 Qb3 47. Qe4 Qc2 48. Qd5 Qc7 49. g5 Bc3 50. Kg2 Qf4 51. Qd7 Ra2 52. Qh3 Qf5 53. Qh4 Qc5 54. Rd1 Ra8 55. Rd7 Qf5 56. Rb7 Rh8 57. Qg3 Qb1 58. Rxf7+ Kxf7 59. Qc7+ Kg8 60. Qc8+ Kh7 61. Qh3+ Kg8 62. Qc8+ 1/2-1/2